[Event "Basses Vallees Angevines op 4th"]
[Site "Cantenay Epinard"]
[Date "2015.12.19"]
[Round "2"]
[White "Darniere, Simon"]
[Black "Pionnier, Camille"]
[Result "0-1"]
[WhiteElo "1199"]
[BlackElo "1547"]
[PlyCount "72"]
[EventDate "2015.12.19"]
[EventType "swiss"]
[EventRounds "5"]
[EventCountry "FRA"]
[SourceTitle "EXT 2019"]
[Source "ChessBase"]
[SourceDate "2018.10.10"]
[SourceVersion "1"]
[SourceVersionDate "2018.10.10"]
[SourceQuality "1"]

1. e4 c5 2. Nf3 d6 3. Nc3 Nf6 4. Bc4 g6 5. d3 Bg7 6. 0-0 0-0 7. Bf4 Nc6 8. Qc1 Bg4 9. Qe3 Nh5 10. Nd5 Bxf3 11. Qxf3 Nxf4 12. Qxf4 Bxb2 13. Rab1 Be5 14. Qd2 b6 15. Nc3 a6 16. Bd5 Qc7 17. Na4 b5 18. Nc3 Ra7 19. g3 Nd4 20. Kg2 Rb8 21. f4 Bg7 22. a3 e6 23. Ba2 a5 24. Ne2 Nxe2 25. Qxe2 a4 26. f5 exf5 27. exf5 Qc6+ 28. Kg1 Bd4+ 29. Rf2 Re8 30. Qd2 Rae7 31. h4 Re2 32. Qf4 Rxf2 33. Bxf7+ Kh8 34. Qxf2 Re2 35. Qxd4+ cxd4 36. Kf1 Qg2# 0-1

[Event "Basses Vallees Angevines op 4th"]
[Site "Cantenay Epinard"]
[Date "2015.12.19"]
[Round "3"]
[White "Delafenetre, Franck"]
[Black "Darniere, Simon"]
[Result "0-1"]
[WhiteElo "1576"]
[BlackElo "1199"]
[PlyCount "144"]
[EventDate "2015.12.19"]
[EventType "swiss"]
[EventRounds "5"]
[EventCountry "FRA"]
[SourceTitle "EXT 2019"]
[Source "ChessBase"]
[SourceDate "2018.10.10"]
[SourceVersion "1"]
[SourceVersionDate "2018.10.10"]
[SourceQuality "1"]

1. d4 d5 2. c4 Nf6 3. Nc3 Nc6 4. Nf3 Bg4 5. Qb3 b6 6. Qb5 Qd7 7. Ne5 Nxd4 8. Nxd7 Nxb5 9. Nxb5 Kxd7 10. Bf4 c6 11. Nc3 dxc4 12. Rd1+ Ke8 13. g3 e6 14. Bg2 Rc8 15. 0-0 Nd5 16. Nxd5 cxd5 17. f3 Bc5+ 18. Kh1 Bf5 19. e4 dxe4 20. fxe4 Bg4 21. Rc1 Bd4 22. Rc2 e5 23. Bd2 f6 24. Rfc1 Be6 25. Bf1 b5 26. Bb4 Kf7 27. b3 Rhd8 28. bxc4 bxc4 29. a3 Rc6 30. Bxc4 Rxc4 31. Rxc4 Bxc4 32. Rxc4 Bb6 33. Kg2 Rd4 34. Rxd4 Bxd4 35. Kf3 Ke6 36. g4 g6 37. h3 f5 38. g5 f4 39. Ke2 Kf7 40. Kf3 Kg7 41. Kg4 h6 42. h4 h5+ 43. Kf3 Kf7 44. Ke2 Ke6 45. Kf3 Kd7 46. a4 Kc6 47. a5 Kb5 48. Bd2 Bc5 49. Bc3 Bd4 50. Bd2 Kc4 51. Bc1 Bc3 52. Bxf4 exf4 53. Kxf4 Bxa5 54. Ke5 Bc7+ 55. Kf6 Kd4 56. Kxg6 Be5 57. Kxh5 a5 58. Kg6 a4 59. h5 a3 60. h6 a2 61. Kh7 a1Q 62. g6 Qh1 63. g7 Bxg7 64. Kxg7 Qg2+ 65. Kh8 Qg5 66. h7 Qd8+ 67. Kg7 Qe7+ 68. Kg8 Qg5+ 69. Kh8 Qg6 70. e5 Ke4 71. e6 Kf5 72. e7 Kf6 0-1